Garden of broken glass /

Unable to work out a satisfactory relationship with his brother and sister and cope with their alcoholic mother, a young boy finds solace with neighborhood friends and in his relationship with a stray dog.

Bibliographic Details
Main Author: Neville, Emily Cheney
Format: Book
Language:English
Published: New York : Delacorte Press, [1975]
Subjects:

MARC

Tag First Indicator Second Indicator Subfields
LEADER 00000pam a2200000 a 4500
001 in00000092679
005 20150923132145.0
008 741230s1975 nyu j 00011 engm
010 |a  74022630  
020 |a 0440048397 
020 |z 0440048426 (lib. bdg.) 
035 |a (OCoLC)01174424 
035 |9 AAK7500AM 
040 |a DLC  |c DLC  |d m.c.  |d TXA  |d UtOrBLW 
049 |a [Curr Col] TXAM  |c [985918] 
050 0 0 |a PZ7 N462  |b  Gar 
082 0 |a [Fic] 
100 1 |a Neville, Emily Cheney. 
245 1 0 |a Garden of broken glass /  |c by Emily Cheney Neville. 
264 1 |a New York :  |b Delacorte Press,  |c [1975] 
264 4 |c ©1975 
300 |a 215 pages ;  |c 21 cm. 
336 |a text  |b txt  |2 rdacontent 
337 |a unmediated  |b n  |2 rdamedia 
338 |a volume  |b nc  |2 rdacarrier 
520 |a Unable to work out a satisfactory relationship with his brother and sister and cope with their alcoholic mother, a young boy finds solace with neighborhood friends and in his relationship with a stray dog. 
650 1 |a Family problems  |x Fiction. 
999 |a MARS 
999 f f |s 28b4b2cb-4ab8-3dfc-b536-6dcc7ecea1f9  |i 270eeba5-f4c4-3627-8f42-e3a9a38d501b  |t 0 
952 f f |p normal  |a Texas A&M University  |b College Station  |c Sterling C. Evans Library  |d Evans: Curriculum Collection (4th floor)  |t 0  |e PZ7 N462 Gar  |h Library of Congress classification  |i unmediated -- volume  |m A14806006768 
998 f f |a PZ7 N462 Gar  |t 0  |l Evans: Curriculum Collection (4th floor)